[Event "MCR mladeze 2019 - FIDE Open"]
[Site "Kouty nad Desnou"]
[Date "2019.03.09"]
[Round "1"]
[White "Nagy, Ladislav"]
[Black "Vaculik, Martin"]
[Result "1-0"]
[WhiteElo "1923"]
[BlackElo "1562"]
[PlyCount "57"]
[EventDate "2019.03.09"]

1. e4 c5 2. Nc3 Nc6 3. g3 g6 4. Bg2 Bg7 5. d3 d6 6. f4 e6 7. Nf3 Nge7 8. O-O
O-O 9. Be3 Nd4 10. e5 Nef5 11. Bf2 Nxf3+ 12. Qxf3 Nd4 13. Qd1 dxe5 14. fxe5 Qc7
15. Ne4 Bxe5 16. c3 Nf5 17. Nxc5 Rb8 18. d4 Bg7 19. Ne4 b6 20. g4 Nd6 21. Bg3
e5 22. Nf6+ Bxf6 23. Rxf6 Qe7 24. Rxd6 Qxd6 25. Bxe5 Qe7 26. Bxb8 Qe3+ 27. Kh1
Bxg4 28. Qxg4 Rxb8 29. Qg3 1-0

[Event "MCR mladeze 2019 - FIDE Open"]
[Site "Kouty nad Desnou"]
[Date "2019.03.09"]
[Round "1"]
[White "Dejmal, Ondrej"]
[Black "Skalka, Jan"]
[Result "0-1"]
[WhiteElo "1557"]
[BlackElo "1904"]
[PlyCount "60"]
[EventDate "2019.03.09"]

1. e4 c5 2. Nf3 Nc6 3. d4 cxd4 4. Nxd4 g6 5. Nc3 Bg7 6. Be3 Nf6 7. Qd2 O-O 8.
f3 d5 9. O-O-O dxe4 10. Nxc6 Qxd2+ 11. Rxd2 bxc6 12. Nxe4 Nd5 13. Bc5 Bh6 14.
Bc4 Bxd2+ 15. Nxd2 Re8 16. Re1 Be6 17. Ba6 Rab8 18. Bc4 Nf4 19. g3 Bxc4 20.
Nxc4 Ne6 21. Bf2 Red8 22. Ne5 Rd6 23. a3 c5 24. Nc4 Rd7 25. h4 Nd4 26. f4 Rbd8
27. Ne5 Ne2+ 28. Kb1 Rd1+ 29. Rxd1 Rxd1+ 30. Ka2 Nc1+ 0-1

[Event "MCR mladeze 2019 - FIDE Open"]
[Site "Kouty nad Desnou"]
[Date "2019.03.09"]
[Round "1"]
[White "Gemsa, Pavel"]
[Black "Hradek, Matyas"]
[Result "1/2-1/2"]
[WhiteElo "1884"]
[BlackElo "1477"]
[PlyCount "50"]
[EventDate "2019.03.09"]

1. e4 d6 2. d4 Nf6 3. Bd3 g6 4. f4 Nbd7 5. Nf3 c5 6. c3 Bg7 7. O-O Qb6 8. e5
dxe5 9. fxe5 Nd5 10. Bc4 e6 11. Bxd5 exd5 12. Be3 Qxb2 13. e6 fxe6 14. Ng5 Nf6
15. dxc5 O-O 16. Qb3 Qxb3 17. axb3 Bd7 18. Bd4 h6 19. Nf3 Bb5 20. Re1 Ne4 21.
Nbd2 Nxd2 22. Nxd2 Bxd4+ 23. cxd4 Rf6 24. Nf3 a6 25. Re3 Re8 1/2-1/2

[Event "MCR mladeze 2019 - Narodni open"]
[Site "Kouty nad Desnou"]
[Date "2019.03.09"]
[Round "1"]
[White "Zednicek, Filip"]
[Black "Slepankova, Radka"]
[Result "0-1"]
[WhiteElo "1211"]
[BlackElo "1948"]
[EventDate "2019.03.09"]
[PlyCount "54"]

1. e4 c5 2. c3 d5 3. exd5 Qxd5 4. d4 cxd4 5. cxd4 Nc6 6. Nf3 e5 7. Nc3 Bb4 8.
Bd2 Bxc3 9. Bxc3 e4 10. Nd2 Nf6 11. Bc4 Qg5 12. g3 O-O 13. O-O Bh3 14. Re1 b5
15. d5 Ne5 16. Bxe5 Qxe5 17. Bxb5 Qxd5 18. Bc4 Qd4 19. b3 Rad8 20. Nf1 Bxf1 21.
Qxd4 Rxd4 22. Kxf1 Rfd8 23. Ke2 Rd2+ 24. Ke3 Ng4+ 25. Kxe4 R8d4+ 26. Kf5 Rxf2+
27. Kg5 h6+ 0-1

[Event "MCR mladeze 2019 - Narodni open"]
[Site "Kouty nad Desnou"]
[Date "2019.03.09"]
[Round "1"]
[White "Holasek, Vojtech"]
[Black "Vahala, Marek"]
[Result "1-0"]
[WhiteElo "1795"]
[BlackElo "1208"]
[EventDate "2019.03.09"]
[PlyCount "65"]

1. Nf3 Nf6 2. c4 c5 3. b3 e6 4. Bb2 d5 5. e3 Be7 6. cxd5 exd5 7. d4 O-O 8. dxc5
Bxc5 9. Qc2 b6 10. Ng5 g6 11. Qc3 Nbd7 12. Bb5 d4 13. exd4 Qe7+ 14. Qe3 Re8 15.
O-O Bd6 16. Qf3 Rb8 17. d5 Ne5 18. Bxe5 Qxe5 19. Qg3 Qxd5 20. Bxe8 Bxg3 21.
Bxf7+ Qxf7 22. Nxf7 Bc7 23. Rc1 Rb7 24. Nd8 Bxd8 25. Rxc8 Rd7 26. Na3 Kf7 27.
Nc4 Ke6 28. Re1+ Kf5 29. Re5+ Kf4 30. g3+ Kf3 31. Re3+ Kg4 32. Ne5+ Kh3 33.
Nxd7 1-0

[Event "MCR mladeze 2019 - Narodni open"]
[Site "Kouty nad Desnou"]
[Date "2019.03.09"]
[Round "1"]
[White "Pesek, Antonin"]
[Black "Hrabal, Matej"]
[Result "0-1"]
[WhiteElo "1206"]
[BlackElo "1789"]
[EventDate "2019.03.09"]
[PlyCount "64"]

1. d4 Nf6 2. c4 e6 3. Nc3 d5 4. Bg5 Be7 5. e3 h6 6. Bf4 O-O 7. Bd3 b6 8. Nge2
Bb7 9. O-O c5 10. h3 Nbd7 11. b3 Rc8 12. Rc1 Re8 13. Nb5 a6 14. Bc7 Rxc7 15.
Nxc7 Qxc7 16. f4 dxc4 17. Bxc4 Qd6 18. Rf3 Nd5 19. Bxd5 Qxd5 20. Qf1 Qh5 21. g4
Qh4 22. Rg3 Nf6 23. Kh2 Ne4 24. Rg1 Nd2 25. Qd1 Nf3+ 26. Kg2 Ng5+ 27. Kf1 Qxh3+
28. Kf2 Qh2+ 29. Kf1 Nh3 30. Ke1 Nxg1 31. Nxg1 Bh4+ 32. Kf1 Qg2# 0-1

[Event "MCR mladeze 2019 - Narodni open"]
[Site "Kouty nad Desnou"]
[Date "2019.03.09"]
[Round "1"]
[White "Vavrinek, Tomas"]
[Black "Jun, Robert"]
[Result "1-0"]
[WhiteElo "1710"]
[BlackElo "1200"]
[EventDate "2019.03.09"]
[PlyCount "121"]

1. d4 Nf6 2. c4 e6 3. Nf3 d5 4. Nc3 Bb4 5. a3 Bxc3+ 6. bxc3 Ne4 7. Qc2 O-O 8.
Bf4 Bd7 9. e3 c5 10. Bd3 cxd4 11. exd4 Nf6 12. O-O dxc4 13. Bxc4 Nd5 14. Bg3
Qa5 15. Ng5 g6 16. Bxd5 exd5 17. Bd6 Re8 18. Bb4 Qd8 19. Qd2 a5 20. Bd6 Bb5 21.
Rfb1 Ba6 22. Qf4 f6 23. Nf3 Re4 24. Qg3 Nc6 25. Re1 f5 26. Rxe4 dxe4 27. Bc7
Qd7 28. Nd2 Rc8 29. Bb6 Qe6 30. Bc5 Re8 31. Re1 Qa2 32. Qe3 b6 33. Bxb6 Qxa3
34. d5 Ne5 35. Bc5 Qb2 36. Rb1 Qa2 37. Rd1 Qc2 38. Ra1 Ng4 39. Qd4 Bd3 40. h3
e3 41. fxe3 Nxe3 42. Re1 Qxd2 43. Rxe3 Qc1+ 44. Kh2 Qxe3 45. Qxe3 Rxe3 46. Bxe3
Bb5 47. Bc5 Kf7 48. Kg3 Ke8 49. h4 Kd7 50. Kf4 Bc4 51. Ke5 a4 52. d6 Bb5 53.
Kf6 Kc6 54. Bb4 Kd5 55. Kg7 Kc4 56. Kxh7 Kb3 57. Kxg6 a3 58. Bxa3 Kxa3 59. Kxf5
Bd3+ 60. Kf6 Be4 61. g4 1-0

[Event "MCR mladeze 2019 - Narodni open"]
[Site "Kouty nad Desnou"]
[Date "2019.03.09"]
[Round "1"]
[White "Langmaier, Pavel"]
[Black "Janecek, Miroslav"]
[Result "1/2-1/2"]
[WhiteElo "1188"]
[BlackElo "1702"]
[EventDate "2019.03.09"]
[PlyCount "39"]

1. b3 e5 2. Bb2 Nc6 3. e3 d5 4. Bb5 Qg5 5. g3 Bd7 6. Nf3 Qh5 7. Bxc6 bxc6 8.
Nxe5 Qxd1+ 9. Kxd1 f6 10. Nxd7 Kxd7 11. Ba3 Nh6 12. h3 c5 13. c4 c6 14. d3 Nf7
15. f4 Re8 16. Re1 a6 17. Nd2 Nd6 18. Bxc5 Nf5 19. e4 Bxc5 20. exf5 1/2-1/2

[Event "MCR mladeze 2019 - D12"]
[Site "Kouty nad Desnou"]
[Date "2019.03.10"]
[Round "2"]
[White "Zelbova, Lada"]
[Black "Dudkova, Josefina"]
[Result "1/2-1/2"]
[WhiteElo "1221"]
[BlackElo "1393"]
[EventDate "2019.03.09"]

1. d4  Nf6  2. Bf4  d5
3. c3  Bf5  4. e3
e6  5. Bd3  Bxd3
6. Qxd3  Nbd7  7. Nf3
c5  8. Nbd2  Qb6
9. O-O  c4  10. Qc2
Bd6  11. Bxd6  Qxd6
12. e4  Nxe4  13. Nxe4
dxe4  14. Qxe4  Qc7
15. Rfe1  O-O  16. Ne5
Nxe5  17. Qxe5  Qxe5
18. Rxe5  Rac8  19. Rd1
Rfe8  20. Rde1  Kf8
21. Kf1  Rcd8  1/2-1/2

[Event "MCR mladeze 2019 - D12"]
[Site "Kouty nad Desnou"]
[Date "2019.03.10"]
[Round "2"]
[White "Martinkova, Magdalena"]
[Black "Hrbkova, Johana"]
[Result "1-0"]
[WhiteElo "1387"]
[BlackElo "1179"]
[EventDate "2019.03.09"]

1. e4  e5  2. Nc3  Nf6
3. f4  d5  4. fxe5
Nxe4  5. d3  Nxc3
6. bxc3  d4  7. Nf3
Nc6  8. Be2  Bc5
9. O-O  dxc3+  10. Kh1
O-O  11. Qe1  Nd4
12. Bd1  Re8  13. Qg3
Nf5  14. Qf4  Qd5
15. d4  Nxd4  16. Nxd4
Bxd4  17. Bh5  Be6
18. Bf3  Qb5  19. Bxb7
Bxe5  20. Qf3  Bg4
21. Qxf7+  Kh8  22. Bxa8
Bh5  23. Qf8+  Rxf8
24. Rxf8# 1-0

[Event "MCR mladeze 2019 - D12"]
[Site "Kouty nad Desnou"]
[Date "2019.03.10"]
[Round "2"]
[White "Sikorova, Jana"]
[Black "Havelkova, Beata"]
[Result "0-1"]
[WhiteElo "1198"]
[BlackElo "1359"]
[EventDate "2019.03.09"]

1. d4  d5  2. Bf4  Nf6
3. e3  e6  4. Nf3
Bd6  5. Bg3  O-O
6. c4  b6  7. Nc3
Bb7  8. Bd3  c5
9. O-O  Bxg3  10. hxg3  Nbd7
11. Rc1  Rc8  12. b3
Qe7  13. Re1  Rfd8
14. Qe2  Qf8  15. Kh2
Ng4+  16. Kg1  dxc4
17. bxc4  h6  18. Bb1
Ba6  19. Qd3  Ngf6
20. e4  cxd4  21. Nxd4
Bxc4  22. Qd2  e5
23. Nf5  Nc5  24. Qe3
Nd3  25. f4  exf4
26. gxf4  Nxc1  27. Rxc1
Qc5  28. Qxc5  Rxc5
29. Na4  Rc7  30. e5
Ne8  31. Re1  Bd3
32. Bxd3  Rxd3  33. Re2
Kf8  34. Nb2  Ra3
35. Nd1  Rc1  36. Rd2
Ra4  37. g3  Re4
38. Kf2  a5  39. a3
Ra4  40. Rd3  Ra1
41. Rd7  R4xa3  42. Ke1
b5  43. Nd4  Rd3
44. Ne6+  fxe6  45. Rxd3
b4  46. Rb3  Nc7
47. Kd2  Nd5  48. Ne3
a4  49. Nxd5  axb3
50. Nxb4  b2  51. Nc2
b1=Q  52. Nxa1  Qxa1
53. Ke3  Qc3+  54. Kf2
Qd3  55. Kg2  Qe2+
56. Kh3  h5  57. g4
Qxg4+  58. Kh2  h4
59. Kh1  h3  60. Kh2
Qg2#  0-1

[Event "MCR mladeze 2019 - D12"]
[Site "Kouty nad Desnou"]
[Date "2019.03.10"]
[Round "2"]
[White "Veverkova, Dorota"]
[Black "Stavova, Marketa"]
[Result "0-1"]
[WhiteElo "1315"]
[BlackElo "1178"]
[EventDate "2019.03.09"]

1. e4  e5  2. Nf3  Nc6
3. d4  exd4  4. Bc4
Bc5  5. c3  Nge7
6. cxd4  Bb4+  7. Nc3
O-O  8. O-O  Ng6
9. Bg5  Be7  10. Qd2
Nxd4  11. Qxd4  Bxg5
12. Rfe1  d6  13. e5
dxe5  14. Qxd8  Bxd8
15. Nxe5  Nxe5  16. Rxe5
Bf6  17. Re3  Bf5
18. Bd3  Bxd3  19. Rxd3
Rad8  20. Rad1  Rfe8
21. g3  Rxd3  22. Rxd3
Bxc3  23. Rxc3  Rc8
24. Rd3  g6  25. Kg2
Kg7  26. h4  h5
27. Kh3  Re8  28. Rd7  Rc8
29. f3  b6  30. g4
a5  31. Kg3  Kf6
32. Kf4  Ke6  33. Rd4
f6  34. Rc4  c5
35. Rc3  Rd8  36. Rb3  Rd4+
37. Kg3  Rb4  38. f4
Rxb3+  39. axb3  f5
40. g5  Kd5  41. Kf3
b5  42. Ke3  c4
43. bxc4+  bxc4  44. Kd2  Kd4
45. Kc2  a4  0-1

[Event "MCR mladeze 2019 - D12"]
[Site "Kouty nad Desnou"]
[Date "2019.03.10"]
[Round "2"]
[White "Souralova, Jana"]
[Black "Ticha, Sofie"]
[Result "0-1"]
[WhiteElo "1178"]
[BlackElo "1307"]
[EventDate "2019.03.09"]

1. e4  c5  2. Nf3  e6
3. d4  cxd4  4. Nxd4
Nc6  5. Be3  Nf6
6. Nc3  Bb4  7. Bd3
d5  8. exd5  exd5
9. O-O  O-O  10. Nce2
Re8  11. Ng3  Bg4
12. Be2  Bxe2  13. Qxe2
Nxd4  14. Bxd4  Rxe2
15. Nxe2  Rc8  16. c3
Bd6  17. Rad1  Bc5
18. Be5  Qe7  19. Bxf6
Qxf6  20. Ng3  Rd8
21. Rd3  Qb6  22. Rd2
Qh6  23. Re2  Qa6
24. b4  Bd6  25. Rfe1
Qc6  26. Nf5  Rf8
27. Nxd6  Qxd6  28. Re8
Qc6  29. R8e3  Qc4
30. R1e2  d4  31. cxd4
Qxd4  32. Re4  Qd1+
33. Re1  Qd6  34. h3
g6  35. a4  Rd8
36. b5  Kg7  37. a5  Qa3
38. b6  Qxa5  39. bxa7
Qxa7  40. Rb1  Rd2
41. Reb4  Qxf2+  42. Kh1
Qxg2#  0-1

[Event "MCR mladeze 2019 - D12"]
[Site "Kouty nad Desnou"]
[Date "2019.03.10"]
[Round "2"]
[White "Barteckova, Denisa"]
[Black "Janouskova, Adela"]
[Result "0-1"]
[WhiteElo "1136"]
[BlackElo "1258"]
[EventDate "2019.03.09"]

1. e4  c5  2. Nf3  d6
3. d4  cxd4  4. Nxd4
Nf6  5. Nc3  g6
6. f3  Bg7  7. Be3  O-O
8. Bc4  Nc6  9. Bb3
Bd7  10. Qd2  Rc8
11. O-O-O  Ne5  12. h4
h5  13. Bh6  Nc4
14. Qg5  Qc7  15. Ndb5
Bxb5  16. Nxb5  Qb6
17. Bxg7  Kxg7  18. Na3
Nxa3  19. bxa3  Rc5
20. Qe3  Rxc2+  21. Kxc2
Qxe3  22. Rd3  Rc8+
23. Bc4  Rxc4+  24. Kb3
Qxd3+  25. Kb2  Qc2+
26. Ka1  Rd4  27. g4
Rd2  28. gxh5  Qxa2#
0-1

[Event "MCR mladeze 2019 - D12"]
[Site "Kouty nad Desnou"]
[Date "2019.03.10"]
[Round "2"]
[White "Archlebova, Stela"]
[Black "Cinkova, Vicky"]
[Result "0-1"]
[WhiteElo "1253"]
[BlackElo "1124"]
[EventDate "2019.03.09"]

1. e4  c5  2. Nf3  Nc6
3. Bb5  g6  4. Bxc6
bxc6  5. O-O  Bg7
6. Nc3  d5  7. e5
f6  8. exf6  Nxf6
9. d3  O-O  10. Bg5
Bf5  11. Qd2  Qd6
12. h3  e5  13. Rfe1
e4  14. dxe4  Be6
15. e5  Qd7  16. exf6
Bxf6  17. Bxf6  Rxf6
18. Ng5  Bf5  19. Qe2
Raf8  20. Qe7  Qxe7
21. Rxe7  Bxc2  22. Ne6
Rb8  23. Re1  d4
24. Ne4  Rf7  25. Rxf7
Kxf7  26. N6g5+  Kg7
27. Ne6+  Kh6  28. N6xc5
d3  29. b3  Re8
30. Re3  Re5  31. Nxd3  Bxd3
32. Rxd3  Rxe4  33. Rd7
a5  34. Rc7  Re1+
35. Kh2  Re2  36. Rxc6
Rxf2  37. Ra6  Rxa2
38. b4  a4  39. b5
Rb2  40. b6  a3
41. Rxa3  Rxb6  42. Rf3  Kh5
43. h4  Rb7  44. Kh3
Rb1  45. g4+  Kh6
46. g5+  Kh5  47. Rf7
Rb3+  48. Kg2  Kxh4
49. Rxh7+  Kxg5  50. Rh3
Rxh3  51. Kxh3  Kh5
52. Kg3  Kg5  53. Kf3
Kh4  54. Kg2  Kg4
55. Kh2  Kf3  56. Kh3
g5  57. Kh2  g4
58. Kh1  Kf2  59. Kh2  g3+
60. Kh3  g2  61. Kh4
g1=Q 62. Kh5 Kf3  63. Kh6  Kf4
64. Kh7  Kf5  65. Kh8
Kf6  66. Kh7  Qg7# 0-1

[Event "MCR mladeze 2019 - D12"]
[Site "Kouty nad Desnou"]
[Date "2019.03.10"]
[Round "2"]
[White "Sehnoutkova, Laura"]
[Black "Vavrinkova, Marie"]
[Result "1/2-1/2"]
[WhiteElo "1071"]
[BlackElo "1236"]
[EventDate "2019.03.09"]

1. e4  e5  2. Nf3  Nc6
3. Bc4  Be7  4. d4
exd4  5. Nxd4  Ne5
6. Bb3  d6  7. h3
c5  8. Nf3  Nxf3+
9. Qxf3  Nf6  10. Nc3
O-O  11. O-O  h6
12. Re1  Be6  13. Nd5
a6  14. a4  Rc8
15. Nxe7+  Qxe7  16. Bxe6  fxe6
17. Qg3  Nh5  18. Qg6
Qf6  19. Qxf6  Nxf6
20. Bd2  d5  21. exd5
exd5  22. Rad1  Ne4
23. f3  Nd6  24. Kf2
Nf5  25. Re5  d4
26. g4  Nh4  27. f4
Ng6  28. Rf5  Rxf5
29. gxf5  Ne7  30. f6
gxf6  31. Re1  Kf7
32. Ba5  Nc6  33. Bd2
b5  34. axb5  axb5
35. b3  Ra8  36. f5
Re8  37. Rxe8  Kxe8
38. Bxh6 Ne5 39. Bf4 Kf7 1/2-1/2

[Event "MCR mladeze 2019 - D12"]
[Site "Kouty nad Desnou"]
[Date "2019.03.10"]
[Round "2"]
[White "Rolinkova, Adela"]
[Black "Spacilova, Klara"]
[Result "0-1"]
[WhiteElo "1229"]
[BlackElo "1061"]
[EventDate "2019.03.09"]

1. e4  e5  2. Nf3  Nc6
3. Bb5  Nf6  4. Nc3
Bb4  5. O-O  d6
6. d3  O-O  7. Be3  Bg4
8. a3  Ba5  9. b4
Bb6  10. Bxb6  axb6
11. Bxc6  bxc6  12. h3
Be6  13. Ne2  Re8
14. c4  Bc8  15. Ng3
d5  16. Nd2  Ba6
17. Re1  Qd7  18. a4
dxc4  19. dxc4  Rad8
20. b5  cxb5  21. cxb5
Bxb5  22. axb5  Qxd2
23. Qxd2  Rxd2  24. Rec1
Rd4  25. f3  Rb4
26. Rxc7  Rxb5  27. Rac1
h6  28. Rb7  Rb2
29. Nf5  Rd8  30. Ne3
b5  31. Kh2  Rb3
32. Nf5  Rb2  33. Rc5
Rdd2  34. Rb8+  Kh7
35. Ne3  Re2  36. Rc3
b4  37. Rd3  Nh5
38. Rb7  Nf4  39. Nd1
Rxg2+  40. Kh1  Rh2+
41. Kg1  Rbg2+  0-1

[Event "MCR mladeze 2019 - D12"]
[Site "Kouty nad Desnou"]
[Date "2019.03.10"]
[Round "2"]
[White "Dobsa, Emma"]
[Black "Hetfleischova, Elen"]
[Result "1-0"]
[WhiteElo "1297"]
[BlackElo "1544"]
[EventDate "2019.03.09"]

1. e4  c5  2. Nf3  Nc6
3. d4  cxd4  4. Nxd4
g6  5. Nxc6  bxc6
6. Qd4  f6  7. e5
Qa5+  8. Bd2  Qxe5+
9. Qxe5  fxe5  10. Bc3
Bg7  11. f4  d6
12. Nd2  e6  13. Nc4  d5
14. Nxe5  Ne7  15. Bb4
Bxe5  16. fxe5  Rb8
17. Ba3  Nf5  18. Bd3
Kd7  19. Bxf5  exf5
20. O-O-O  Re8  21. Bd6
Ra8  22. Rhf1  Kd8
23. g4  Bd7  24. gxf5
Bxf5  25. Rd2  Kc8
26. Rf3  Kd7  27. Rb3
Rh8  28. Rb7+  Kc8
29. Rc7+  Kd8  30. Rxc6
Be6  31. c4  Rc8
32. Rxc8+  Kxc8  33. cxd5
Bf5  34. Bc5  Re8
35. e6  a6  36. e7
Kd7  37. d6  Rc8
38. b4  Be6  39. Kb1
Bf5+  40. Ka1  Ra8
41. Rd1  Bc2  42. Rc1
Bf5  43. Rc4  Be6 44. Rh4
h5  45. Rf4  Bf5
46. Rf2  Rb8  47. Rf3
Ra8  48. a4  Ke8
49. Kb2  Rb8  50. Kc3
Kd7  51. Kd4  Ra8
52. Ke5  Rb8  53. Re3
Ra8  54. Kf6  Rg8
55. Kf7  Re8  56. b5
axb5  57. axb5  g5
58. b6  Bg6+  59. Kxg6
Rb8  60. Kf7  Re8 1-0

[Event "MCR mladeze 2019 - D14"]
[Site "Kouty nad Desnou"]
[Date "2019.03.10"]
[Round "2"]
[White "Habinova, Alice"]
[Black "Stastna, Martina"]
[Result "0-1"]
[WhiteElo "1409"]
[BlackElo "1660"]
[EventDate "2019.03.09"]

1. e4  e5  2. f4  d5
3. exd5  exf4  4. Nf3
Qxd5  5. Nc3  Qe6+
6. Be2  Bd6  7. d4
Ne7  8. O-O  h6
9. Qd3  O-O  10. Bd2  Nbc6
11. d5  Qf6  12. dxc6
Nxc6  13. Rac1  Bf5
14. Qc4  a6  15. Bd3
Bxd3  16. Qxd3  Rad8
17. Qc4  b6  18. Ne4
Qe6  19. Nxd6  Rxd6
20. Qxa6  g5  21. Rce1
Qg6  22. c3  Nd8
23. Qe2  Ne6  24. Ne5
Qh7  25. Nc4  Rd7
26. a4  Ra8  27. b3
Rad8  28. Bc1  Rd3
29. Rd1  Nc5  30. Rxd3
Qxd3  31. Qxd3  Rxd3
32. a5  bxa5  33. Nxa5
Rxc3  34. b4  Nd3
35. Bd2  Rc2  36. Be1
g4  37. Kh1  Rc1
38. Kg1  Nxe1  39. Rxf4
Nd3+  40. Rf1  Rxf1+
41. Kxf1  Nxb4  42. Kf2
Kg7  43. Kg3  h5
44. Nc4  Nd3  45. Kh4
Kh6  46. Ne3  Kg6
47. Nd5  c5  48. Ne7+
Kf6  49. Nd5+  Ke5
50. Ne3  Ke4  51. Nd1
f5  52. g3  Ne1
53. h3  Nf3+  54. Kxh5  gxh3
55. Nf2+  Ke3  56. Nxh3
c4  57. Nf4  Kf2
58. g4  fxg4  59. Kxg4
c3  60. Kf5  Ne1
61. Nh3+  Ke3  62. Nf4
c2  63. Nd5+  Kd2
0-1

[Event "MCR mladeze 2019 - D14"]
[Site "Kouty nad Desnou"]
[Date "2019.03.10"]
[Round "2"]
[White "Voriskova, Anna"]
[Black "Semova, Lada"]
[Result "1-0"]
[WhiteElo "1603"]
[BlackElo "1441"]
[EventDate "2019.03.09"]

1. e4  e5  2. Nf3  Nc6
3. Bb5  a6  4. Ba4
b5  5. Bb3  Bc5
6. O-O  Nf6  7. d3  h6
8. a4  Bb7  9. Nc3
b4  10. Ne2  a5
11. Ng3  d6  12. Nf5  Rh7
13. c3  Qd7  14. d4
exd4 15. cxd4  Bb6  16. d5
Ne5  17. Nxe5  dxe5
18. Qc2  Rc8  19. Rd1
Kf8  20. Bc4  Rd8
21. Be3  Bxe3  22. fxe3
g6  23. Bb5  Qc8
24. Qc5+  Kg8  25. Ne7+
Kg7  26. Nxc8  Rxc8
27. Qc2  Ng4  28. Re1
h5  29. h3  Nf6
30. Rf1  Rhh8  31. Rf2  Rhd8
32. Raf1  Rd6  33. Bc6
Ba6  34. Rxf6  Rxf6
35. Rxf6  Kxf6  36. Bd7
Rb8  37. Qxc7  Rb7
38. Qd6+  Kg7  39. Bc8
1-0

[Event "MCR mladeze 2019 - D14"]
[Site "Kouty nad Desnou"]
[Date "2019.03.10"]
[Round "2"]
[White "Nagyova, Daniela"]
[Black "Trasakova, Adela"]
[Result "0-1"]
[WhiteElo "1397"]
[BlackElo "1579"]
[EventDate "2019.03.09"]

1. e4  c6  2. d4  d5
3. Nc3  dxe4  4. Nxe4
Bf5  5. Nc3  Nf6
6. Nf3  e6  7. Be2
Bd6  8. Bg5  Nbd7
9. Qd2  Qc7  10. h3
Nd5  11. Nxd5  cxd5
12. Bd3  Bxd3  13. Qxd3
h6  14. Bd2  Nb6
15. Qb5+  Qd7  16. Qxd7+
Kxd7  17. b3  Rhc8
18. c3  Ke7  19. Ne5
Bxe5  20. dxe5  Nd7
21. f4  Nc5  22. c4
dxc4  23. bxc4  Ne4
24. Bb4+  Ke8  25. Rc1
Rc6  26. O-O  Rac8
27. a3  Rxc4  28. Rxc4
Rxc4  29. Rf3  Nc5
30. f5  exf5  31. Rxf5
Ne6  32. Rf2  b6
33. Rb2  Nc5  34. Re2
a5  35. Be1  Re4
36. Kf1  Ke7  37. Bg3
Rxe2  38. Kxe2  Ke6
39. Ke3  Kd5  40. h4
Nd7  41. Kd3  Nxe5+
42. Kc3  Nd7  43. Bf2
Nc5  44. Bd4  f6
45. Bg1  g5  46. hxg5
fxg5  47. Bd4  h5
48. Bg1  h4  49. Bh2
g4  50. Bc7  h3
51. gxh3  gxh3  52. Bb8  Ne4+
53. Kb3  Nd6  0-1

[Event "MCR mladeze 2019 - D14"]
[Site "Kouty nad Desnou"]
[Date "2019.03.10"]
[Round "2"]
[White "Fizerova, Lucie"]
[Black "Smajzrova, Dominika"]
[Result "1-0"]
[WhiteElo "1537"]
[BlackElo "1400"]
[EventDate "2019.03.09"]

1. e4  e5  2. Nf3  Nf6
3. Nxe5  d6  4. Nf3
Nxe4  5. Nc3  Nxc3
6. dxc3  Nc6  7. h3
d5  8. Bd3  Bc5
9. O-O  O-O  10. Bf4  h6
11. Qd2  Qf6  12. Bg3
Bf5  13. Bxf5  Qxf5
14. Bxc7  Rfe8  15. Rad1
Re7  16. Bf4  g5
17. Bg3  Rd8  18. Rfe1
Re4  19. b4  Bb6
20. a4  a6  21. a5
Ba7  22. Qd3  f6
23. Rxe4  dxe4  24. Qc4+
Kg7  25. Rxd8  Nxd8
26. Qc7+  Nf7  27. Nd4
Bxd4  28. cxd4  Qd5
29. Qc5  Qxc5  30. bxc5
Kf8  31. c4 Ke7 32. d5  Nd8
33. Bd6+  Kd7  34. Kf1
Nf7  35. Bb8  f5
36. Ke2  f4  37. g3
Ke7  38. gxf4  gxf4
39. Bxf4  Kf6  40. Ke3
Kf5  41. c6  bxc6
42. dxc6  Ke6  43. Kxe4
h5  44. c5  Nh8
45. c7  Kd7  46. c6+  Kxc6
47. c8=Q+  1-0

[Event "MCR mladeze 2019 - D14"]
[Site "Kouty nad Desnou"]
[Date "2019.03.10"]
[Round "2"]
[White "Ruzickova, Ema"]
[Black "Strnadova, Monika"]
[Result "0-1"]
[WhiteElo "1363"]
[BlackElo "1521"]
[EventDate "2019.03.09"]

1. e4  c5  2. Nf3  Nc6
3. Bb5  g6  4. Bxc6
bxc6  5. d3  Bg7
6. h3  d5  7. Nc3
Nf6  8. O-O  O-O
9. Nh2  Ba6  10. Re1
dxe4  11. Nxe4  Nxe4
12. dxe4  Qxd1  13. Rxd1
Rfd8  14. Re1  Rd7
15. c3  Bd3  16. Be3
c4  17. a3  Rb8
18. Ra2  Rdb7  19. Bc1  f5
20. e5  e6  21. f4
Be4  22. Nf1  Rd8
23. Ra1  Rd3  24. Nd2
Bd5  25. Nf1  Be4
26. Nd2  Bd5  27. Nf1
Bh6  28. Kh2  Rg7
29. h4  Rb7  30. Ra2
Bf8  31. Be3  Be7
32. g3  h6  33. Re2
Rd1  34. Kg1  Bd8
35. Rd2  Rxd2  36. Bxd2
Rg7  37. Ra1  g5
38. hxg5  hxg5  39. Kf2
Bb6+  40. Be3  gxf4
41. Bxb6  fxg3+  42. Nxg3
axb6  43. Rg1  Kf7
44. Rb1  f4  45. Ne2
Rg2+  46. Kf1  Rh2
47. Re1  f3  48. Nf4
Rxb2  49. Nxd5  cxd5
50. Re3  f2  51. Rf3+
Kg6  52. Rf6+  Kg5
53. Rxe6  Kf4  54. Re8
Ke3  55. Rf8  Rb1+
56. Kg2  Rg1+  57. Kh2
f1=Q  58. Rxf1  Rxf1
59. e6  Re1  0-1

[Event "MCR mladeze 2019 - D14"]
[Site "Kouty nad Desnou"]
[Date "2019.03.10"]
[Round "2"]
[White "Dudova, Pavlina"]
[Black "Zemanova, Nikola"]
[Result "1-0"]
[WhiteElo "1505"]
[BlackElo "1387"]
[EventDate "2019.03.09"]

1. e4  e6  2. d4  d5
3. e5  c5  4. c3
Nc6  5. Nf3  Qb6
6. Bd3  Bd7  7. O-O
cxd4  8. cxd4  Nxd4
9. Nxd4  Qxd4  10. Nc3
Qxe5  11. Re1  Qd6
12. Nb5  Qb6  13. Be3
Bc5  14. Bxc5  Qxc5
15. Rc1  Qe7  16. Nc7+
Kf8  17. Nxa8  Bc6
18. Qc2  Nf6  19. Qc5
Qxc5  20. Rxc5  Ke7
21. Nc7  Kd6  22. b4
Rc8  23. Nb5+  Bxb5
24. Bxb5  Rxc5  25. bxc5+
Kxc5  26. Bd3  Kd6
27. f3  e5  28. Kf2
h6  29. Ke3  g5
30. g4  Nd7  31. Rg1  Nf6
32. Rg3  d4+  33. Kd2
Kd5  34. Rh3  h5
35. gxh5  g4  36. fxg4
Nxg4  37. h6  1-0

[Event "MCR mladeze 2019 - D14"]
[Site "Kouty nad Desnou"]
[Date "2019.03.10"]
[Round "2"]
[White "Maresova, Michaela"]
[Black "Pejrimovska, Viola Ruby"]
[Result "0-1"]
[WhiteElo "1335"]
[BlackElo "1486"]
[EventDate "2019.03.09"]

1. e4  c5  2. Nf3  e6
3. d4  cxd4  4. Nxd4
a6  5. Nc3  d6 6. Be3
Nf6  7. Be2  Be7
8. O-O  O-O  9. Qd2
Qc7  10. Rad1  b5
11. a3  Bb7  12. f3
Nc6  13. Nxc6  Qxc6
14. Kh1  Rfd8  15. Qc1
Nd7  16. Rd2  Ne5
17. Bf4  Nc4  18. Bxc4
Qxc4  19. Rfd1  Qc6
20. Rd3  a5 21. Ne2  Rac8
22. c3 Ba6  23. R3d2  Qb6
24. Qb1  b4  25. axb4
axb4  26. cxb4  Qxb4
27. Nc3  Bc4  28. h3
Bb3  29. Re1  Bh4
30. Re3  e5  31. Bh2
Bg5  32. f4  exf4
33. Rf3  Be6  34. Bxf4
Bxf4  35. Rxf4  Rxc3
36. Qd1  Rc4  37. b3
Rc3  38. Rd3  Rxd3
39. Qxd3  Qxb3  40. Qd2
Qg3  41. Rf3  Qe5
42. Re3  Ra8  43. Re1
Rb8  44. Qd3  Rb3
45. Qc2  Qg3  46. Rd1
Ra3  47. Qb1  h6
48. Qb8+  Kh7  49. Qxd6
Qxd6  50. Rxd6  Ra4
51. e5  Re4  52. Kg1
Rxe5  53. Rd4  Rd5
54. Rxd5  Bxd5  55. g3
g5  56. g4  Kg6
57. Kf2  f5  58. gxf5+  Kxf5
59. Kg3  h5  60. h4
g4  0-1